000 00380nam a22001697a 4500
003 OSt
005 20211201084714.0
008 211201b |||||||| |||| 00| 0 eng d
020 _a0314676627
040 _cHU
082 _a657
100 _aSOLOMON
_91832
245 _aACCOUNTING PRINCIPLE
260 _aNEW YORK
_bLOSANGELES
_c1990
300 _a280
942 _2ddc
_cBOOKS
_n0
999 _c20840
_d20840